| 000 | 00529nam a2200253Ia 4500 | ||
|---|---|---|---|
| 003 | IT-RoPAU | ||
| 008 | 120407s9999 xx 000 0 und d | ||
| 040 | _aIT-RoPAU | ||
| 040 | _cIT-RoPAU | ||
| 041 | _aita | ||
| 100 | _aGrace C. Martin | ||
| 100 | _ccoll. | ||
| 245 | _aIntroduzione all’algebra. | ||
| 250 | _aFirenze | ||
| 260 | _aVallecchi | ||
| 260 | _c1967 | ||
| 300 | _a354 p. | ||
| 300 | _c22 cm | ||
| 490 | _aTutor/FPCT | ||
| 490 | _v1 | ||
| 700 | _aNorman A. Crowder | ||
| 942 | _cBK | ||
| 999 |
_c33267 _d33267 |
||